| 000 | 00876nam a22002057a 4500 | ||
|---|---|---|---|
| 999 |
_c15553 _d15553 |
||
| 003 | AR-CdUCM | ||
| 008 | 190429b ||||| |||| 00| 0 spa d | ||
| 040 |
_aMUNICIPALIDAD PROVINCIAL DEL CUSCO _cBIBLIOTECA MUNICIPAL DEL CUSCO |
||
| 082 |
_a375.2 / _bL44 / 1954 |
||
| 100 |
_aLemus, Luis Arturo _98345 |
||
| 245 | _aOrganización y supervisión de la escuela primaria / | ||
| 260 |
_aLa Habana : _bPublicaciones Cultural, _c1954. |
||
| 300 |
_a403 páginas ; _bFotografías, tablas _c24 cm. |
||
| 505 | _aContenido: Definición de la situación del director en la escuela -- Elaboración de la una filosofía educacional -- Investigación y análisis de las condiciones de la comunidad... | ||
| 650 |
_aEducación _9460 |
||
| 650 |
_aFilosofía para la educación _934659 |
||
| 650 |
_aInvestigación y análisis _934660 |
||
| 942 |
_2ddc _cLIBROS |
||
| 945 |
_adavv _d29/04/2019 |
||